| 000 | 00878cab a2200205 4500 | ||
|---|---|---|---|
| 001 | ABS37902 | ||
| 008 | 090401t1987 xxu||||| |||| 00| 0 eng d | ||
| 035 | _a(Sirsi) u7507 | ||
| 041 | _aeng | ||
| 100 | _aTrenner, D. | ||
| 245 | _aSubcontractors` rights upon the main contractor`s insolvency | ||
| 260 | _c1987 | ||
| 350 | _a0 | ||
| 490 |
_aConstruction Law Journal _v3(2) 1987, 94-103(10) |
||
| 520 | _aExamines subcontractors means of obtaining payment for work and materials under the JCT forms of building contract , when the contractor is insolvent. These include direct money from the employer and moneys due in the retention fund . Considers ways the standard forms could be revised to afford greater protection to the subcontractor. | ||
| 650 | _aINTERIM CERTIFICATES | ||
| 690 | _aBUILT ENVIRONMENT-BUILDING CONTRACT FORMS | ||
| 942 | _n0 | ||
| 948 | _c04/03/1997 | ||
| 999 |
_c4543 _d4543 |
||